Quick Pick: Animals on NBA Logos Quiz Stats

 Plays Quiz Updated Oct 16, 2018

Score 0/8 Timer 01:00
10 Plays Today
% Correct
Timberwolf
89.8%
Hornet
88.3%
Bull
87.7%
Grizzly
87.2%
Hawk
87.2%
Pelican
86.8%
Maverick (Horse)
86.5%
Buck
83%

Today's Daily Dose

Word Ladder
Lean on Me

Get the Picture
Superhero by Villain

You're not logged in!

Compare scores with friends on all Sporcle quizzes.
OR
Log In

Sporcle TV

Today on Sporcle TV


Watch our educational content, quiz creation guides, and fun videos on Sporcle TV.

Show Comments

Extras

Top Quizzes Today


Score Distribution

Your Account Isn't Verified!

In order to create a playlist on Sporcle, you need to verify the email address you used during registration. Go to your Sporcle Settings to finish the process.

Report this User

Report this user for behavior that violates our Community Guidelines.

Details: